Synonymický slovník slovenčiny

Saved in:
Bibliographic Details
Format: Book
Language:Slovak
Published: Bratislava VEDA 2000
Edition:2. uprav. vyd.
Subjects:
Tags: Add Tag
No Tags, Be the first to tag this record!

MARC

LEADER 00000nam a2200000 4500
001 c136175
005 20250930081833.7
020 |a 80-224-0585-X 
041 0 |a slo 
044 |a SK 
245 1 0 |a Synonymický slovník slovenčiny  |c [hlavná redaktorka: Mária Pisárčiková] 
250 |a 2. uprav. vyd. 
264 1 |a Bratislava  |b VEDA  |c 2000 
300 |a 998 s. 
610 2 0 |a jazykoveda 
610 2 0 |a slovenčina